000 00677nam a2200157 a 4500
008 120416s1964 ||||||||||||||||| || u
050 _aQD 341.N8 Int
100 _aUrbanski, Tadeusz
245 1 0 _aNitro compounds
_cedited by Tadeusz Urbanski
246 _aproceedings of the International Symposium held at the Institute of Organic Synthesis, Polish Academ
260 _aNew York
_bMacmillan
_c1964
350 _a0.00
650 0 _aCHEMISTRY--HANDBOOKS, MANUALS, ETC
650 _aCOMPOUNDS--CHEMISTRY
995 _D0.00
_FCBU-MAIN LIBRARY (Kitwe)
_H1
_I6.00
_M1
_UAVAILABLE
_WMar 13, 2007
_ZAnnex Low-Usage Collection
999 _c52280
_d52280